1786 1223 1550 1867 1479 1689 1790 1623 1833 1491 1516 1824 1609 1954 1573 1124 1758 1295 1455 1250 1748 1769 1343 1466 1318 1792 1709 1766 1092 1321 1947 1023 1794 1012 1481 1182 1201 1767 1341 1721 1189 1492 1127 1215 1978 1885 1983 1629 1228 1024 1904 1939 1157 1649 1939 1157 1882 1025 1908 1229 1778 1809 1023 1537 1078 1961 1769 1086 1606 1424 1104 1672 1231 1996 1940 1023 1339 1478 1269 1614 1578 1330 1475 1272 1151 1625 1278 1243 1995 1648 1464 1651 1504 1166 1145 1121 1355 1068 1868 BCNSPRNW ULIB Ver.6.0+V

เปลี่ยนเป็นภาษาไทย

Change to English
 แสดงรายละเอียดบรรณานุกรม
  กลับหน้าหลัก

Brief Record : Get Marc (ISO 2709) : E-mail record : QR code < ปิดหน้าต่าง
LEADER : 00000nam 2200000uu 4500
001    13399124391
003     ULIB
008    150603s2556||||th 000 0 tha d
060 04 ^aWA900^bภ493A
110 2  ^aสำนักระบาดวิทยา กรมควบคุมโรค กระทรวงสาธารณสุข
245 10 ^aสรุปรายงานการเฝ้าระวังโรค 2556 =^bAnnual epidemiologicalsurveillance report 2013 /^cสำนักระบาดวิทยา กรมควบคุมโรค กระทรวงสาธารณสุข
246 14 ^aAnnual summary
246 31 ^aAnnual epidemiological surveillance report ...
260    ^aกรุงเทพฯ :^bกองระบาดวิทยา ,^c2556
300    ^a431 หน้า :^bภาพประกอบ ;^c29 ซม.
650  2 ^aEpidemiology^xyearbooks
650  7 ^aระบาดวิทยา^vหนังสือรายปี
650  7 ^aระบาดวิทยา^vสถิติ
710 2  ^aสำนักระบาดวิทยา
710 2  ^aกรมควบคุมโรค. ^bสำนักระบาดวิทยา
945    ^p0^l0^i22965
999    ^aเกษร โพธิ์สุวรรณ
รายการนี้ยังไม่มีแท็ก
คุณยังไม่ได้ล็อกอิน คุณสามารถมีกิจกรรมร่วมกับเว็บไซต์ได้ แต่ต้องล็อกอินก่อน ::
  ล็อกอิน

รายการสื่อสารสนเทศ

ลำดับที่ ประเภท เลขเรียก/บาร์โค้ด สถานที่ สถานะ
1. วิทยาศาสตร์การแพทย์ และสุขภาพ
หนังสือสำรอง
สถานะ=หนังสือสำรอง
WA900 ภ493A ฉ.1 
  Barcode: 22965
ห้องสมุดวิทยาเขตนครสวรรค์
►หนังสือทั่วไป:l:General Books
บนชั้น

BibComment


ยังไม่เคยถูกคอมเมนท์

คอมเมนท์ทรัพยากรรายการนี้
  คอมเมนท์: สรุปรายงานการเฝ้..


 Copyright 2026. Bcnsprnw @Library